zpět

Detail výsledku týmu

Hospoda U Stolínů, Nový Bydžov

Datum a čas kvízu

30.5 Celkem bodů Celkový počet nahraných bodů na tomto kvízu bez doplňovacích otázek.
3. Pořadí na kvízu Konečné umístění týmu na tomto kvízu.

Zaznamenané odpovědi

# Otázka Odpověď Body Výsledky
1. Česká armáda se minulý týden r... Jak-40 1
2. Jedním z bodů programu předsed... Já jsem Tchajwanec. 1
3. Pražské Národní muzeum zahájil... Sluneční králové 1
4. Společnost Samsung ve středu p... Z Fold 0.5
5. Tenistka Karolína Muchová pora... Venus Williamsová 1
6. Když se Roald Amundsen dozvědě... Robert Scott 1
7. Jedním z nejvýznamnějších obje... James Clark Ross 0
8. Britský horolezec George Mallo... Nanga Parbat 1
9. Roku 1938 byla poprvé pokořena... Heinrich Harrer, Sedm let v Tibetu 0.5
10. Podmořští výzkumníci Jacques P... batyskaf 1